| 000 | 01482nam a2200253Ia 4500 | ||
|---|---|---|---|
| 003 | Ost | ||
| 005 | 20260416102352.0 | ||
| 008 | 260416s9999||||xx |||||||||||||| ||und|| | ||
| 040 | _cfsecg | ||
| 041 | _aara | ||
| 082 | _a338.5 | ||
| 100 |
_aحداد، بختة _eمؤلف |
||
| 245 | 0 |
_aمحاضرات في مقياس الإقتصاد الجزئي 2 / _c بختة حداد |
|
| 260 |
_aالجزائر _bجامعة الجزائر3: كلية العلوم الإقتصادية، العلوم التجارية وعلوم التسيير _c2017 |
||
| 300 |
_a151 ورقة _bايضاحات _c30 سم |
||
| 504 | _aمراجع ص.147 | ||
| 520 | _aنظرية الانتاج تحليل سلوك المنتج بدراسة دالة الانتاج، دراسة سلوك المنتج: نظرية التكاليف، نظرية الايرادات وتوازن المنتج، سلوك المنتج في سوق المنافسة التامة، سلوك المنتج في سوق المنافسة الاحتكارية، تحليل سلوك المنتج في سوق احتكار القلة، سلوك المنتج في سوق الاحتكار التام | ||
| 653 | _aالاقتصاد الجزئي | ||
| 653 | _aالانتاج | ||
| 653 | _aالتكاليف | ||
| 653 | _aالمنافسة الاحتكارية | ||
| 710 |
_aجامعة الجزائر3: كلية العلوم الإقتصادية، العلوم التجارية وعلوم التسيير _eناشر علمي |
||
| 942 | _cHANDOUT | ||
| 999 |
_c41051 _d41051 |
||